Schokolade: Welche Milka-Sorten gibt es? – Sudden Death - Statistiken

Allgemein
  • Dieses Quiz wurde 750 mal gespielt
  • Das Durchschnittsergebnis liegt bei 12 aus 18
Answers on the Grid
Answers color-coded by a green-red scale on the quiz's grid according to % correct below.
Alpenmilch
Haselnuss
Weiße Schokolade
Zartherb
Trauben-Nuss
Noisette
Biscoff
Kuhflecken
Ganze Haselnüsse
Oreo White
Alpenmilchcrème
Caramel
Joghurt
Daim
Erdbeer
Oreo
Bunte Kakaolinsen
Peanut Crisp
Banana Split
Kirschlikör
Walnuss Crunch
Zebrastreifen
Latte Macchiato
Pulled Pork
Crème Brulée
 
Antwortstatistiken
Antwort % Korrekt
Alpenmilch
88%
Weiße Schokolade
84%
Oreo
83%
Haselnuss
81%
Kuhflecken
80%
Joghurt
78%
Erdbeer
76%
Noisette
71%
Caramel
69%
Ganze Haselnüsse
66%
Daim
64%
Trauben-Nuss
62%
Zartherb
62%
Alpenmilchcrème
61%
Oreo White
60%
Bunte Kakaolinsen
50%
Peanut Crisp
39%
Biscoff
38%
Keine übereinstimmenden Quizze gefunden
Verteilung der Resultate
Anzahl Personen mit jedem Resultat
Perzentil nach korrekt beantworteten Fragen
Ihre Resultats-Entwicklung
Sie haben dieses Quiz noch nicht gespielt